000 01421nam0a22002891 4500
001 rc\3461476
005 20260406151856.0
021 _aRU
_b70-48571
021 _aRU
_bРг1962-71
035 _a(NLR Aleph) 007886503
090 _a7950856
_c7950856
100 _a20130115d1970 |||y0rusy50 ca
101 0 _arus
102 _aRU
105 _ay z |||||
200 1 _aОбзорная технико-экономическая информация о щекинском экономическом эксперименте, его усовершенствовании, эффективности и распространении в промышленности
_fЛьвовский межотраслевой территор. центр науч.-техн. информации и пропаганды. УкрНИИНТИ Госплана УССР
210 _aЛьвов
_cБ. и.
_d1970
215 _a11 с.
_d20
300 _aАвт. указан в конце текста
300 _aВ конце текста: Н.С. Иванова
701 1 _aИванова
_bН.С.
712 0 2 _aЛьвовский межотраслевой территориальный центр научно-технической информации и пропаганды
_3RU\NLR\AUTH\889927383
_9350401
801 0 _aRU
_bNLR
_gpsbo
801 1 _aRU
_bELAR
_2rusmarc
852 _aNLR
_j70-4/11466
942 _cBOOK
980 _aNB